000 00469nam a2200193 a 4500
001 BRCA_6825
005 20190320205615.0
008 041111s1931----nyua######---#000-0#eng-#
041 _aeng
044 _anyu
050 4 _aSB413
_b.C3 W47
_c1931
245 1 0 _aPractical carnation culture
_cT.A. Weston
260 _aNueva York
_bA.T. de Mare
_c1931
300 _a208 p.
_bil.
_c19 cm.
500 _aI158
650 1 4 _aClaveles
_97676
902 _aGFM
942 _2lcc
_cB
999 _c6508
_d6508